Asia V.S. Europe #4 - Statistics

General Stats
  • This quiz has been taken 22 times
  • The average score is 8 of 12
Answer Stats
Question Answer % Correct
Less Dangerous Bulgaria
95%
GDP Per Capita Bulgaria
85%
Higher Life Expectancy Bulgaria
80%
Happier Bulgaria
80%
Area Turkmenistan
80%
Winner?
75%
Military Strength Bulgaria
75%
Landlocked, But Also on The Sea Turkmenistan
70%
Older (By Establishment Date) Bulgaria
60%
The Yogurt in This Country Makes You Live Longer Bulgaria
55%
Population Bulgaria
40%
Bigger Capital Turkmenistan
25%
No matching quizzes found
Score Distribution
Percent of People with Each Score
Percentile by Number Answered
Your Score History
You have not taken this quiz